000 01037nas a2200337 4500
001 BR2012006266
003 BR-BrBNA
005 20231205121027.0
007 ta
008 230509b bl.|||p| |||| 00| 00por d
040 _aBR-BrBNA
_bpor
_cBiblioteca Nacional de Agricultura
041 _a(Pt)
072 _aF04; P33
100 1 _aVeiga, M. da
100 1 _aPandolfo, C.M.
100 1 _aBalbinot Junior, A.A.
245 1 _aCobre e zinco no solo e no tecido vegetal após nove anos de uso de fontes de nutrientes associadas a sistemas de manejo em um Nitossolo vermelho
650 _aCONSORCIAÇÃO DE CULTURA
650 _aAVEIA FORRAGEIRA
650 _aERVILHAÇA
650 _aMILHO
650 _aADUBO ORGÂNICO
650 _aESTERCO
650 _aSUÍNO
650 _aCOBRE
650 _aZINCO
650 _aANÁLISE DO SOLO
773 0 _tAgropecuária Catarinense (Brazil)
_xISSN 0103-0779
_g(Jul 2012), v. 25(2) p. 79-84
_wBR2012006266
909 _a202311
_bLúcia
_c55
_dLúcia Elande
942 _2AGRIS
_n0
_cANA
999 _c221524
_d221524